000 00631nam a22001937a 4500
005 20220603143105.0
008 220603b ||||| |||| 00A| 0 eng d
040 _cAloy
041 _aeng
082 _223
_a658.3
_bBURH
100 _aShahid Javed Burki
_940334
245 _aHuman dignity and its contribution to development:
_bMahbub Ul Haqs insights into promoting progress
260 _aKarachi
_bOxford University Press
_c2001
300 _a20p.
_bPB
_c22x14cm.
650 _aMahbub Ul HAQ memorial Lecture
_940331
650 _aHuman Development Centre
_940332
700 _aBURKI (Shahid Javed)
_940333
942 _2ddc
_cGF
999 _c223228
_d223228